000 01149nam a22003257a 4500
003 CHAP
005 20220329143058.0
008 060203d2000 mx r 00110 spa d
010 _a91626
011 _a92598
020 _a9707050292
035 _a103163
040 _cCHAP
082 0 4 _a631.37
_bR6
100 1 _aRossel Kipping, Erich Dietmar.
_9100205
245 1 0 _aManual de fórmulas técnicas de tracción y potencia :
_bútiles para el ingeniero agrícola
_c/por Erich Dietmar Rossel Kipping [y otros]
260 _aSan Luis Ptosí,
_bUniversidad Autónoma de San Luis Potosí. Facultad de Ingeniería
_c2005.
300 _a166 p. :
_bilus.
590 _aBATCH-UPD
_b10
_c20130110
_lUCH01
_h0711
590 _aBATCH-UPD
_b10
_c20130410
_lUCH01
_h0357
590 _aBATCH-UPD
_b10
_c20130914
_lUCH01
_h1759
590 _aCONVERSION
_b10
_c20130109
_lUCH01
_h1351
650 1 4 _aMaquinaria agrícola.
_971151
650 1 4 _aMaquinaria agrícola
_xFórmulas.
_971173
650 1 4 _aMecanización agrícola.
_973801
901 _aBK
905 _aLilia
942 _cLIBRO
949 _a631.37 R6
_bBC
_cLIBRO
_d33724000968269
_eLIBRO
_h107679
_i103163
_si
999 _c91626
_d91626